Southville International School and Colleges
Your cart is empty.
  • Cart
  • Lists
    Public lists list_1 View all
    Your lists Log in to create your own lists
  • Log in to your account
  • Your cookies
  • Search history
Southville International School and Colleges
  • Advanced search
  • Recent comments
  • Most popular
  • Libraries

Log in to your account

Log in with GOOGLE


If you do not have an external account, but do have a local account, you can still log in:

  1. Home
  2. MARC view: Ang Panitikan at kulturang Pilipino /
Normal view MARC view ISBD view

Ang Panitikan at kulturang Pilipino / (Record no. 293606)

[ view plain ]
MARC details
000 -LEADER
fixed length control field 00656nam a2200217Ia 4500
008 - FIXED-LENGTH DATA ELEMENTS--GENERAL INFORMATION
fixed length control field 160418s9999 xx 000 0 und d
020 ## - INTERNATIONAL STANDARD BOOK NUMBER
International Standard Book Number 978-971-98-0082-8
050 ## - LIBRARY OF CONGRESS CALL NUMBER
Classification number FIL PL 5531
050 ## - LIBRARY OF CONGRESS CALL NUMBER
Item number .P36 2014
245 ## - TITLE STATEMENT
Title Ang Panitikan at kulturang Pilipino /
245 ## - TITLE STATEMENT
Statement of responsibility, etc Teresita Perez-Semorlan… [et al]
260 ## - PUBLICATION, DISTRIBUTION, ETC. (IMPRINT)
Place of publication, distribution, etc Quezon City:
260 ## - PUBLICATION, DISTRIBUTION, ETC. (IMPRINT)
Name of publisher, distributor, etc C&E Publishing, Inc.
260 ## - PUBLICATION, DISTRIBUTION, ETC. (IMPRINT)
Date of publication, distribution, etc 2014
300 ## - PHYSICAL DESCRIPTION
Extent 390 pages :
300 ## - PHYSICAL DESCRIPTION
Other physical details illustrations ;
300 ## - PHYSICAL DESCRIPTION
Dimensions 22 cm.
500 ## - GENERAL NOTE
General note Includes bibliographical references and index.
650 ## - SUBJECT ADDED ENTRY--TOPICAL TERM
Topical term or geographic name as entry element Philippine literature.
650 ## - SUBJECT ADDED ENTRY--TOPICAL TERM
General subdivision Philippine literature -- Anthropology, history, and criticism.
Holdings
Withdrawn status Lost status Damaged status Home library Current library Shelving location Date acquired Cost, normal purchase price Total Checkouts Full call number Barcode Date last seen Price effective from Koha item type
      South Mansfield College South Mansfield College Filipiniana Section 01/11/2016 293.25   FIL PL 5531 .P36 2014 SMC06038 04/18/2016 04/18/2016  

Ang Panitikan at kulturang Pilipino /

APA

Ang Panitikan at kulturang Pilipino. Quezon City: .

Chicago

Ang Panitikan at kulturang Pilipino. Quezon City: .

Harvard

Ang Panitikan at kulturang Pilipino. Quezon City: .

MLA

Quezon City: . .

  • Place hold
  • Print
  • Cite
  • Add to your cart (remove)
  • Save record
    BIBTEX Dublin Core MARCXML MARC (non-Unicode/MARC-8) MARC (Unicode/UTF-8) MARC (Unicode/UTF-8, Standard) MODS (XML) RIS
  • More searches
    Search for this title in:
    Other Libraries (WorldCat) Other Databases (Google Scholar) Online Stores (Bookfinder.com) Open Library (openlibrary.org)

Exporting to Dublin Core...

SOUTHVILLE LIBRARY

Southville International School and Colleges Library

1281 Tropical Ave. Cor. Luxembourg St., BF Homes International, Las Pinas City

Tel. No. 8256374 / 252358 Loc. 117/146

Powered by Koha